Minecraft Mobs: Bat - Statistics

General Stats
  • This quiz has been taken 17 times
  • The average score is 6 of 8
Answer Stats
Question Answer % Correct
How many health points does a bat have? 6
100%
What is the group size for bat spawning? 8
100%
What is the maximum light level a bat can spawn at? 3
92%
What is a bat's width in blocks? 0.5
77%
What is a bat's height in blocks? 0.9
77%
What biome can bats NOT spawn in? Deep Dark
77%
What source of damage is a bat immune to? Fall Damage
77%
What is the name of the mob category dedicated to bats? Ambient
31%
No matching quizzes found
Score Distribution
Percent of People with Each Score
Percentile by Number Answered
Your Score History
You have not taken this quiz